đŸŽ¶ Paroles "Comment je m'appelle" Anne Sylvestre - Statistiques

Statistiques générales
  • Ce quiz a Ă©tĂ© pris 13 fois
  • Le rĂ©sultat moyen est 219 sur 346
Statistiques - réponses
Mots % Correct
Ă 
100%
appelle
100%
c'
100%
comment
100%
j'
100%
J'
100%
je
100%
Je
100%
m'
100%
ma
89%
plus
89%
s'
89%
ai
78%
d'
78%
de
78%
est
78%
et
78%
Et
78%
l'
78%
la
78%
le
78%
Le
78%
qu'
78%
que
78%
Que
78%
sais
78%
des
67%
en
67%
il
67%
Mais
67%
me
67%
mon
67%
On
67%
on
67%
ou
67%
oublié
67%
pas
67%
pour
67%
Pour
67%
Quand
67%
quand
67%
qui
67%
un
67%
vous
67%
Vous
67%
appelait
56%
belle
56%
bien
56%
ces
56%
direz,
56%
direz
56%
du
56%
étais
56%
grande
56%
jour,
56%
maintenant
56%
mal
56%
mes
56%
petite
56%
savez
56%
savez...
56%
se
56%
Si
56%
temps
56%
alors
44%
ça
44%
dans
44%
dirai
44%
école
44%
enfin
44%
faudra
44%
fus
44%
haut
44%
lunée
44%
moche
44%
noms
44%
puis
44%
Puis
44%
quoi
44%
torchonne
44%
tout
44%
aimai
33%
allait
33%
ans
33%
appris
33%
cahier
33%
crus
33%
demain
33%
dentelle
33%
enrubannait
33%
entendis
33%
entrave
33%
évier
33%
folle
33%
fond
33%
importe
33%
jolis
33%
lilas
33%
marge
33%
matin
33%
mĂȘme
33%
mettre
33%
monde
33%
nommer
33%
notes
33%
nouveau
33%
oublierai
33%
oublierai...
33%
personne
33%
Peu
33%
pierre
33%
pluie
33%
propres
33%
quelques
33%
quinze
33%
rappelaient
33%
recommencer
33%
réveillais
33%
saurai
33%
soleil
33%
tablier
33%
tombe
33%
voix
33%
berceau
22%
biberonne
22%
cage
22%
carreau
22%
couleur
22%
cuisine
22%
état
22%
évader
22%
fleur,
22%
hélas
22%
marmitasse
22%
oubliais
22%
ouvrit
22%
pire
22%
pleurniche
22%
pris
22%
ravaudiĂšre
22%
ronde
22%
rosier
22%
souvenirs
22%
sucre
22%
trombe
22%
ventre
22%
vivante
22%
douleurs
11%
envol
11%
garce
11%
paillasson
11%
Plaisirs
11%
routine
11%
soupe
11%
sourire
11%
Aucun quiz correspondant
Distribution des résultats
% des personnes avec chaque résultat
Percentile par nombre de réponses
Votre historique - résultats
Vous n’avez pas pris ce quiz